[Event "Hamburg St Pauli op-A"]
[Site "Hamburg"]
[Date "2014.07.24"]
[Round "6"]
[White "Kololli, Kevin"]
[Black "Reddmann, Hauke"]
[Result "1-0"]
[WhiteElo "2071"]
[BlackElo "2283"]
[PlyCount "75"]
[EventDate "2014.07.19"]
[EventType "swiss"]
[EventRounds "9"]
[EventCountry "GER"]
[SourceTitle "CBM 161 Extra"]
[Source "ChessBase"]
[SourceDate "2014.08.29"]
[SourceVersion "1"]
[SourceVersionDate "2014.08.29"]
[SourceQuality "1"]

1. e4 c5 2. Nf3 d6 3. d4 cxd4 4. Nxd4 Nf6 5. Nc3 a6 6. Bc4 e6 7. Bb3 Nbd7 8. Be3 Nc5 9. f4 Qc7 10. 0-0 b5 11. f5 b4 12. fxe6 bxc3 13. exf7+ Kd8 14. e5 Bg4 15. Nf3 cxb2 16. exf6 bxa1Q 17. Qxa1 g6 18. Bd5 Rb8 19. Nd4 Bd7 20. Qc1 Qc8 21. Bh6 Bxh6 22. Qxh6 Kc7 23. Re1 Qf8 24. Qf4 Rb6 25. Re7 Kc8 26. Bc6 Rxc6 27. Nxc6 Kc7 28. Nd4 Qb8 29. h3 h6 30. Qe3 g5 31. a4 Rf8 32. Kh2 Qa8 33. c4 Qb7 34. a5 Qb8 35. Ne6+ Nxe6 36. Qxe6 Qc8 37. c5 Kd8 38. Re8+ 1-0

[Event "GER-ch U14"]
[Site "Magdeburg"]
[Date "2014.06.12"]
[Round "7"]
[White "Lagunow, Raphael"]
[Black "Kololli, Kevin"]
[Result "1-0"]
[WhiteElo "2085"]
[BlackElo "2085"]
[PlyCount "73"]
[EventDate "2014.06.08"]
[EventType "swiss"]
[EventRounds "9"]
[EventCountry "GER"]
[SourceTitle "CBM 160 Extra"]
[Source "ChessBase"]
[SourceDate "2014.07.01"]
[SourceVersion "1"]
[SourceVersionDate "2014.07.01"]
[SourceQuality "1"]

1. Nf3 c5 2. g3 Nc6 3. Bg2 g6 4. c4 Bg7 5. Nc3 e5 6. 0-0 Nge7 7. d3 0-0 8. a3 d6 9. Rb1 a5 10. Bd2 f5 11. Ne1 h6 12. Nc2 g5 13. b4 axb4 14. axb4 Nxb4 15. Nxb4 cxb4 16. Rxb4 Nc6 17. Rb1 f4 18. Bd5+ Kh8 19. f3 Qc7 20. g4 Bf6 21. Be4 Be6 22. Nd5 Bxd5 23. Bxd5 Rab8 24. Kg2 Ne7 25. Be4 b5 26. Qc1 Rfc8 27. Qa3 bxc4 28. Rxb8 Qxb8 29. dxc4 Rxc4 30. Rb1 Qd8 31. Ba5 Qd7 32. Rb7 Qe6 33. Bd8 Rc5 34. Bxe7 Bxe7 35. Qa7 Bf8 36. Rh7+ Kg8 37. Rh8+ 1-0